Normal view
MARC view
- SAIF ULLAH KHALID
Entry Personal Name
001 - CONTROL NUMBER
- control field: 72193
003 - CONTROL NUMBER IDENTIFIER
- control field: NUST
005 - DATE AND TIME OF LATEST TRANSACTION
- control field: 20210628204745.0
008 - FIXED-LENGTH DATA ELEMENTS
- fixed length control field: 210628|| aca||aabn | a|a d
040 ## - CATALOGING SOURCE
- Original cataloging agency: NUST
- Transcribing agency: NUST
100 ## - HEADING--PERSONAL NAME
- Personal name: SAIF ULLAH KHALID
670 ## - SOURCE DATA FOUND
- Source citation: Work cat.: (NUST): BEHROZ,IKRAM UL HAQ,MUJTABA 72192, PR-SOF-1137-DESIGN, ANALYSIS AND FABRICATION OF A FLAPPING WING MICRO AERO VEHICLE (MAV), 2011
